Normal view
MARC view
- Urban runoff
Entry Topical Term
001 - CONTROL NUMBER
- control field: 44052
003 - CONTROL NUMBER IDENTIFIER
- control field: NUST
005 - DATE AND TIME OF LATEST TRANSACTION
- control field: 20210314132849.0
008 - FIXED-LENGTH DATA ELEMENTS
- fixed length control field: 210314|| aca||aabn | a|a d
040 ## - CATALOGING SOURCE
- Original cataloging agency: NUST
- Transcribing agency: NUST
150 ## - HEADING--TOPICAL TERM
- Topical term or geographic name entry element: Urban runoff
- General subdivision: Data processing
- General subdivision: Congresses
670 ## - SOURCE DATA FOUND
- Source citation: Work cat.: (NUST): Alley, William M. 44051, Guide for collection, analysis, and use of urban stormwater data :, c1977.
